000 00522nam a2200205Ia 4500
003 OSt
005 20230522163755.0
008 210423s2006 xx 000 0 und d
020 _a818318524x
040 _cAL
041 _aeng
082 _a543.089
_223
_bCHAG
100 _aCHATWAL (Gurdeep R).
_953033
245 _aAnalytical chromatography.
260 _aNew Delhi
_bHimalaya Publishing House
_c2006
300 _av,189
_bPB
365 _b150
_cINR
906 _aAnalytical ; chromatography.
942 _2ddc
_cBK
999 _c154065
_d154065